000
00310nam a22001457a 4500
008
210305b ||||| |||| 00| 0 eng d
020
_a
0812113624
041
_a
eng
080
_a
617
082
_a
617
100
_a
5
101
_a
KIR
245
_a
Mediastinal Surgery
_c
Shields, Th. Sh
942
_2
udc
_c
BK
999
_c
55816
_d
55816